Statistics for Taylor Swift - The Tortured Poets Department

Click here to take the quiz!

General Stats

  • This quiz has been taken 87 times
    (35 since last reset)
  • The average score is 17 of 20

Answer Stats

TrackTitre% Correct
1Fortnight
95%
19 (Bonus Track)The Albatross
95%
20 (Bonus Track)The Black Dog
95%
12loml
89%
5So Long, London
89%
18 (Bonus Track)The Bolter
89%
17 (Bonus Track)The Manuscript
89%
16Clara Bow
84%
8Florida!!!
84%
3My Boy Only Breaks His Favorite Toys
84%
2The Tortured Poets Department
84%
6But Daddy I Love Him
79%
4Down Bad
79%
9Guilty as Sin?
79%
13I Can Do It With a Broken Heart
79%
11I Can Fix Him (No Really I Can)
79%
15The Alchemy
79%
7Fresh Out the Slammer
74%
14The Smallest Man Who Ever Lived
74%
10Who's Afraid of Little Old Me?
74%

Score Distribution

Percentile by Number Answered

Percent of People with Each Score

Your Score History

You have not taken this quiz since the last reset